A desconstruȯ̂ do estado moderno infiltraė̳s e diversidade /

Bibliographic Details
Main Author: Baracho Magalhês, Hugo
Other Authors: Parreira ℓlvares, Lucas, Quadros de Magalhês, Jos ̌Luiz
Format: eBook
Language:Portuguese
Published: Belo Horizonte: Initia Via Editora, 2016
Subjects:
Online Access:Acceso restringido

MARC

LEADER 00000nam a22000007a 4500
005 2021042105335.0
007 cr|||| ||||
008 210421s2016 br |||||s|||| 00||0 por d
020 |a 978-85-64912-76-2 
035 |a 33008 
040 |a vLex 
090 |c 11493  |d 11493 
100 1 |a Baracho Magalhês, Hugo 
245 1 1 |a A desconstruȯ̂ do estado moderno  |h [Recurso electrn̤ico] :  |b infiltraė̳s e diversidade /  |c Hugo Baracho Magalhês, Lucas Parreira ℓlvares, Jos ̌Luiz Quadros de Magalhês 
256 |a Servicio en ln̕ea 
260 |a Belo Horizonte:  |b Initia Via Editora,  |c 2016 
300 |a 1 recurso electrn̤ico 
506 1 |a Disponible solo en los productos indicados  |d vLex Global  |d vLex Global (Academic Edition, excluding Law Schools)  |d vLex Global (U.S. Academic Edition, Law Schools)  |d vLex Global (U.S. Academic Edition, excluding Law Schools)  |d vLex Global (Academic Edition, Law Schools) 
650 0 4 |a Ciencias sociales  |z Brasil 
700 1 |a Parreira ℓlvares, Lucas 
700 1 |a Quadros de Magalhês, Jos ̌Luiz 
740 0 |a vLex Libros (Servicio en ln̕ea) 
856 4 0 |u https://vlex.com/source/desconstru-o-estado-moderno-infiltra-es-diversidade-33008  |z Acceso restringido 
942 |c BOOK 
999 0 |a Social Sciences